000
00320nam a22001457a 4500
008
210224b ||||| |||| 00| 0 eng d
020
_a
082039504735
041
_a
eng
080
_a
004
082
_a
004
100
_a
28
101
_a
SHKI
245
_a
PHP 5 Fast&Easy Web Development
_c
Meloni. J
942
_2
udc
_c
BK
999
_c
55139
_d
55139